[Event "France-ch U12 Girls"]
[Site "Reims"]
[Date "2004.04.22"]
[Round "6"]
[White "Lefevre, Margaux"]
[Black "Yu, Liwen"]
[Result "1-0"]
[WhiteElo "1520"]
[BlackElo "1570"]
[PlyCount "89"]
[EventDate "2004.04.??"]
[EventType "swiss"]
[EventRounds "9"]
[EventCountry "FRA"]
[SourceTitle "EXT 2005"]
[Source "ChessBase"]
[SourceDate "2004.11.15"]
[SourceVersion "1"]
[SourceVersionDate "2004.11.15"]
[SourceQuality "1"]

1. e4 e5 2. Nf3 Nc6 3. Bc4 Bc5 4. Qe2 Nf6 5. Ng5 d5 6. exd5 Na5 7. Bb5+ Bd7 8. d4 Be7 9. dxe5 Nxd5 10. Bxd7+ Qxd7 11. e6 fxe6 12. Nxe6 Rg8 13. 0-0 b6 14. Re1 g6 15. Bd2 Nc6 16. Na3 Nd8 17. c4 Nf6 18. Nb5 Nxe6 19. Qxe6 c6 20. Nd4 Rc8 21. Qxd7+ Kxd7 22. Bg5 Rgf8 23. Rad1 Ke8 24. f4 Kf7 25. Bxf6 Bxf6 26. b3 c5 27. Nf3 Rcd8 28. Rxd8 Rxd8 29. Ne5+ Bxe5 30. Rxe5 Rd4 31. g3 a6 32. Kf2 Rd2+ 33. Re2 Rxe2+ 34. Kxe2 Ke6 35. Kf3 b5 36. Ke4 Kd6 37. g4 Ke6 38. f5+ Kf6 39. g5+ Kf7 40. f6 Ke6 41. h4 b4 42. f7 Kxf7 43. Kd5 Ke7 44. Kxc5 a5 45. Kb5 1-0